[Event "Barbera del Valles op-B 30th"]
[Site "Barbera del Valles"]
[Date "2007.07.12"]
[Round "7"]
[White "Delgadillo Torrico, Felipe"]
[Black "Exposito Cabrera, Joaquin"]
[Result "1/2-1/2"]
[WhiteElo "2038"]
[BlackElo "2040"]
[PlyCount "146"]
[EventDate "2007.07.06"]
[EventType "swiss"]
[EventRounds "7"]
[EventCountry "ESP"]
[SourceTitle "EXT 2008"]
[Source "ChessBase"]
[SourceDate "2007.11.25"]
[SourceVersion "1"]
[SourceVersionDate "2007.11.25"]
[SourceQuality "1"]

1. e4 c5 2. Nf3 a6 3. d4 cxd4 4. Nxd4 e5 5. Nf3 Nf6 6. Bd3 d5 7. Qe2 dxe4 8. Bxe4 Nxe4 9. Qxe4 Nc6 10. c3 g6 11. 0-0 Bf5 12. Qe3 Bg7 13. Nbd2 0-0 14. Ne4 Qd5 15. Nfd2 Rad8 16. f3 Rfe8 17. b3 Bc8 18. Qg5 Re6 19. Qg3 h6 20. Nc4 Ne7 21. Ne3 Qc6 22. Ba3 f5 23. Nc5 f4 24. Nxe6 Qxe6 25. Qf2 fxe3 26. Qxe3 Nd5 27. Qd3 Qb6+ 28. Rf2 Nf4 29. Qc4+ Be6 30. Qc5 Qxc5 31. Bxc5 Rc8 32. Bb4 Nd3 33. Rd2 Nxb4 34. cxb4 e4 35. Rad1 exf3 36. Rd8+ Rxd8 37. Rxd8+ Kf7 38. gxf3 Bf8 39. Rd4 Kf6 40. Kg2 Bf5 41. Rc4 Bd6 42. a3 Be5 43. f4 Bd6 44. h4 Be6 45. Rd4 Bc7 46. Rd3 Bxf4 47. b5 axb5 48. b4 Bf5 49. Rc3 Bd6 50. Re3 Be6 51. Rd3 Be5 52. Kf3 g5 53. hxg5+ hxg5 54. Rd8 Kf5 55. Rf8+ Bf6 56. Kg3 Bd5 57. Ra8 Be5+ 58. Kf2 Kg4 59. Rd8 Bd4+ 60. Ke2 Bc4+ 61. Kd2 Bb2 62. Ra8 Kg3 63. Kc2 Be5 64. Rd8 Be6 65. Kd2 g4 66. Ke3 Bf5 67. Rd5 Bf4+ 68. Kd4 Bc8 69. Rxb5 Kf2 70. Ke4 Bd7 71. Rxb7 Bc6+ 72. Kxf4 Bxb7 73. Kxg4 Ke3 1/2-1/2

[Event "Barbera del Valles op-B 30th"]
[Site "Barbera del Valles"]
[Date "2007.07.09"]
[Round "4"]
[White "Martinez Hernandez, Emili"]
[Black "Delgadillo Torrico, Felipe"]
[Result "0-1"]
[WhiteElo "1913"]
[BlackElo "2038"]
[PlyCount "68"]
[EventDate "2007.07.06"]
[EventType "swiss"]
[EventRounds "7"]
[EventCountry "ESP"]
[SourceTitle "EXT 2008"]
[Source "ChessBase"]
[SourceDate "2007.11.25"]
[SourceVersion "1"]
[SourceVersionDate "2007.11.25"]
[SourceQuality "1"]

1. Nf3 c5 2. c4 Nf6 3. d4 cxd4 4. Nxd4 Nc6 5. e3 d6 6. g3 a6 7. Bg2 Bd7 8. 0-0 Qc7 9. b3 e6 10. Bb2 Be7 11. Nc3 Nxd4 12. Qxd4 Bc6 13. f3 Rd8 14. Qd2 0-0 15. Rfd1 d5 16. cxd5 Nxd5 17. Nxd5 Rxd5 18. Qc2 Rfd8 19. Rxd5 Rxd5 20. Bd4 Qd6 21. Rd1 e5 22. f4 exd4 23. Bxd5 Qxd5 24. e4 Qxe4 25. Qxe4 Bxe4 26. Kf1 d3 27. Rc1 f5 28. Rc4 Kf7 29. Ke1 Ke6 30. Kd2 Kd5 31. Kc3 Bf6+ 32. Kd2 b5 33. Rc7 b4 34. Ra7 Bc3+ 0-1